Biological roles of sialic acid /

Bibliographic Details
Other Authors: Rosenberg, Abraham, 1924-, Schengrund, Cara-Lynne
Format: Book
Language:English
Published: New York : Plenum Press, [1976]
Subjects:

MARC

Tag First Indicator Second Indicator Subfields
LEADER 00000cam a2200000 a 4500
001 in00000077824
005 20151008055031.0
008 760429s1976 nyua b 00100 engm
010 |a  76016502  
020 |a 0306309033 :  |c $32.50 
035 |a (OCoLC)02213314 
035 |9 AAJ2374AM 
040 |a DLC  |c DLC  |d KUK  |d TXA  |d UtOrBLW 
049 |a TXAM  |c [933042] 
050 0 0 |a QP801.S47  |b B56 
082 0 |a 574.1/9245 
096 |a QU 75 B618 1976 
245 0 0 |a Biological roles of sialic acid /  |c edited by Abraham Rosenberg and Cara-Lynne Schengrund. 
264 1 |a New York :  |b Plenum Press,  |c [1976] 
264 4 |c ©1976 
300 |a xviii, 375 pages :  |b illustrations ;  |c 24 cm. 
336 |a text  |b txt  |2 rdacontent 
337 |a unmediated  |b n  |2 rdamedia 
338 |a volume  |b nc  |2 rdacarrier 
504 |a Includes bibliographies and index. 
650 0 |a Sialic acids. 
650 2 |a Sialic Acids. 
700 1 |a Rosenberg, Abraham,  |d 1924- 
700 1 |a Schengrund, Cara-Lynne. 
999 |a MARS 
999 f f |s 16b1e732-7c85-3025-9d54-d54100b5423b  |i f18c5424-4d76-360c-8f19-61a7103d6861  |t 0 
952 f f |p ric  |a Texas A&M University  |b Rellis Campus  |c Joint Library Facility  |d Remote Storage  |t 0  |e QP801.S47 B56  |h Library of Congress classification  |i unmediated -- volume  |m A14806225922 
998 f f |a QP801.S47 B56  |t 0  |l Remote Storage